Mapa bez 20 losowych państw śródlądowych - Statystyki

Ogólne statystyki
  • Ten quiz został rozwiązany 87 razy
  • Średni wynik to 18 z 20
Odpowiedzi na mapie
Odpowiedzi zakodowano w zielono-czerwonej skali na mapie do tego quizu, zgodnie z poniższymi procentami.
 
Statystyki odpowiedzi
Odpowiedź % Poprawnych
Białoruś
100%
Burkina Faso
100%
Kazachstan
100%
Mali
100%
Mongolia
100%
Republika Środkowoafrykańska
100%
Węgry
100%
Austria
97%
Boliwia
97%
Czechy
97%
Niger
97%
Serbia
97%
Paragwaj
96%
Szwajcaria
96%
Zimbabwe
95%
Afganistan
94%
Bhutan
94%
Czad
94%
Etiopia
94%
Nepal
94%
Słowacja
94%
Mołdawia
93%
Turkmenistan
93%
Laos
92%
Tadżykistan
91%
Uzbekistan
91%
Zambia
91%
Kirgistan
90%
Macedonia Północna
89%
Botswana
86%
Sudan Południowy
86%
Uganda
84%
Kosowo
82%
Malawi
82%
Rwanda
81%
Lesotho
80%
Burundi
74%
Eswatini
73%
Armenia
71%
Azerbejdżan
68%
Luksemburg
59%
Nie znaleziono quizów pasujących do podanych kryteriów
Rozkład punktacji
Procent ludzi z każdym wynikiem
Percentyl według liczby udzielonych odpowiedzi
Twoja historia wyników
Nie rozwiązałeś tego quizu